| 000 | 00861cab a2200217 4500 | ||
|---|---|---|---|
| 001 | ABS37833 | ||
| 008 | 090401t1987 xxu||||| |||| 00| 0 eng d | ||
| 035 | _a(Sirsi) u7010 | ||
| 041 | _aeng | ||
| 100 | _aJones, G.E. | ||
| 245 | 2 | _aA computer-based land resource information system | |
| 260 | _c1987 | ||
| 350 | _a0 | ||
| 490 |
_aTown Planning Review _v58(1) June 1987, 81-94(14) |
||
| 520 | _aThis paper describes the advantages of using computer-based land information systems in land use planning. Looks at alternative approaches to information systems, before examining the Land Resource Information System (LRIS) developed for application to a detailed study of a small area of Central Region, Scotland . Figures. References. | ||
| 650 | _aCOMPUTERS | ||
| 690 | _aLAND SURVEYING | ||
| 700 | _aDavidson, D.A. | ||
| 942 | _n0 | ||
| 948 | _c04/03/1997 | ||
| 999 |
_c4175 _d4175 |
||